000 00720nam a2200229Ia 4500
003 GCL
008 140319s9999 xx 000 0 ara d
020 _a008166977
040 _aGCL /
_cGCL
082 0 4 _a272.6
_bب ت
100 1 _aصموئيل حبيب
245 1 0 _aتفسير العهد الجديد : سفر اعمال الرسل /
_cصموئيل حبيب
700 1 _aجوزيف صابر
700 1 _aبطرس عبدالملك
700 1 _aباركلى ،وليم
260 _aالقاهرة :
_bدار الثقافة ،
_c1982
300 _a312 ص ؛
_c22 سم
490 _aتفسير العهد الجديد
_v0
650 0 4 _aالعهد الجديد
650 0 4 _aالرسل
942 _2ddc
_cBK
999 _c28608
_d28608